[Event "Basel Hilton op 14th"]
[Site "Basel"]
[Date "2012.01.03"]
[Round "4"]
[White "Milliet, Sophie"]
[Black "Gass, Ulrich"]
[Result "1/2-1/2"]
[WhiteElo "2404"]
[BlackElo "2101"]
[PlyCount "74"]
[EventDate "2012.01.01"]
[EventType "swiss"]
[EventRounds "7"]
[EventCountry "SUI"]
[SourceTitle "CBM 146 Extra"]
[Source "ChessBase"]
[SourceDate "2012.02.29"]
[SourceVersion "1"]
[SourceVersionDate "2012.02.29"]
[SourceQuality "1"]

1. e4 d6 2. d4 Nf6 3. Nc3 g6 4. Be3 c6 5. h3 b5 6. e5 b4 7. exf6 bxc3 8. fxe7 Qxe7 9. bxc3 Bh6 10. Qd2 0-0 11. Be2 Bxe3 12. Qxe3 Qd7 13. Qf4 Re8 14. Kf1 Qe6 15. Bd3 Ba6 16. Qg4 f5 17. Qe2 Qf7 18. Qd2 Bc4 19. h4 h5 20. Ne2 Nd7 21. Qh6 Bxd3 22. cxd3 Rab8 23. Nf4 Nf8 24. Kg1 Ne6 25. Re1 Nxf4 26. Rxe8+ Rxe8 27. Qxf4 Qxa2 28. Qxd6 Re6 29. Qf4 a5 30. Kh2 Kg7 31. Qc7+ Kh6 32. Qb8 Re7 33. Re1 Qxf2 34. Qf8+ Rg7 35. Qh8+ Rh7 36. Qf8+ Rg7 37. Qh8+ Rh7 1/2-1/2

[Event "Lenk op"]
[Site "Lenk"]
[Date "2011.04.23"]
[Round "3"]
[White "Gass, Ulrich"]
[Black "Emmott, Steven Newman"]
[Result "1-0"]
[WhiteElo "2133"]
[BlackElo "1843"]
[PlyCount "59"]
[EventDate "2011.04.21"]
[EventType "swiss"]
[EventRounds "7"]
[EventCountry "SUI"]
[SourceTitle "CBM 142 Extra"]
[Source "ChessBase"]
[SourceDate "2011.06.27"]
[SourceVersion "1"]
[SourceVersionDate "2011.06.27"]
[SourceQuality "1"]

1. e4 e5 2. f4 exf4 3. Nf3 d6 4. Bc4 Be7 5. 0-0 Nf6 6. d3 0-0 7. Bxf4 Nc6 8. Qd2 a6 9. a4 Bg4 10. Nc3 Bxf3 11. Rxf3 Ne5 12. Bxe5 dxe5 13. Raf1 c6 14. Bb3 b5 15. Kh1 Ra7 16. Qf2 Rd7 17. Qg3 Kh8 18. Qxe5 Bd6 19. Qg5 Qc7 20. Rh3 Be5 21. Qh4 h6 22. g4 b4 23. Nd1 Rfd8 24. g5 Nh7 25. Bc4 a5 26. b3 Rf8 27. Ne3 Qd6 28. Nf5 Qg6 29. gxh6 gxh6 30. Nxh6 1-0

[Event "Lenk op"]
[Site "Lenk"]
[Date "2011.04.22"]
[Round "2"]
[White "Rosebrock, Timotej Alexander"]
[Black "Gass, Ulrich"]
[Result "1/2-1/2"]
[WhiteElo "1931"]
[BlackElo "2133"]
[PlyCount "106"]
[EventDate "2011.04.21"]
[EventType "swiss"]
[EventRounds "7"]
[EventCountry "SUI"]
[SourceTitle "CBM 142 Extra"]
[Source "ChessBase"]
[SourceDate "2011.06.27"]
[SourceVersion "1"]
[SourceVersionDate "2011.06.27"]
[SourceQuality "1"]

1. e4 e5 2. Nf3 Bc5 3. Bc4 Nc6 4. b4 Bxb4 5. c3 Ba5 6. d4 exd4 7. 0-0 Qf6 8. cxd4 d6 9. Bb2 Bg4 10. Qb3 0-0-0 11. Nbd2 Bb6 12. e5 dxe5 13. dxe5 Qf4 14. Bxf7 Na5 15. Qc3 Qxf7 16. e6 Bxe6 17. Qxg7 Ne7 18. Qxf7 Bxf7 19. Bxh8 Rxh8 20. Rfe1 Ng6 21. Ne4 Bd5 22. Nfg5 h6 23. Nf3 Rf8 24. Re2 Nf4 25. Ree1 Nd3 26. Re2 c5 27. Rf1 Nf4 28. Ree1 Kc7 29. Nc3 Bc6 30. Re7+ Kd8 31. Rfe1 Nxg2 32. Kxg2 Rxf3 33. Re8+ Bxe8 34. Kxf3 Bc6+ 35. Kg4 Nc4 36. f4 Ba5 37. Rc1 b5 38. Kf5 Ne3+ 39. Kg6 c4 40. f5 b4 41. Nd1 Nxd1 42. Rxd1+ Ke8 43. f6 Kf8 44. f7 b3 45. axb3 cxb3 46. Kf6 b2 47. Rg1 Bd8+ 48. Ke6 Bg5 49. h4 Be4 50. hxg5 b1Q 51. Rxb1 Bxb1 52. gxh6 a5 53. Kd5 Kxf7 1/2-1/2